000 01018nam a2200325 c 4500
003 BLK
005 20180420220901.0
008 180408b bul|||||r ||||||| ||bul||
010 _aKNG00038839000
020 _a0-521-21146-8
_bиздат.: Cambridge Univ. Press
040 _aBLK
041 _aENG
_cENG
080 _aАнглийски език
_b811.111
_x(075.4)
_z811.111(075.4)
100 1 _aSwan, Michael
_eпърви автор
_9274732
139 _aSwan, Michael
_bS 97
245 1 0 _aUnderstanding ideas
_bAdvanced reading skills
_cMichael Swan.
257 _aGBR
260 Cambridge
_bCambridge Univ. Press
_c1991
300 _a97 c.
_c21 см
380 _a80
650 4 _aАнглийски език - учебни помагала - четене
_9274729
653 _aанглийски език
653 _aучебни помагала
653 _aчетене
852 _aЦб 173468
856 4 _qpdf
_u
856 4 _qpdf
_u
942 _cKNG
_n0
944 _aCR
_c29.05.2003
_kAB_DOS
944 _aED
_c17.03.2015
_k
999 _c36027
_d36027